[Event "Geneve op 27th"]
[Site "Geneve"]
[Date "2013.02.22"]
[Round "5"]
[White "Souiller, Frank"]
[Black "Kupalov, Igor"]
[Result "0-1"]
[WhiteElo "1867"]
[BlackElo "2146"]
[PlyCount "38"]
[EventDate "2013.01.18"]
[EventType "swiss"]
[EventRounds "7"]
[EventCountry "SUI"]
[SourceTitle "EXT 2014"]
[Source "ChessBase"]
[SourceDate "2013.11.20"]
[SourceVersion "1"]
[SourceVersionDate "2013.11.20"]
[SourceQuality "1"]

1. e4 e6 2. d4 d5 3. e5 c5 4. c3 Nc6 5. Nf3 Bd7 6. Bd3 cxd4 7. cxd4 Qb6 8. 0-0 Nxd4 9. Nxd4 Qxd4 10. Nc3 a6 11. Re1 Ne7 12. Qf3 Ng6 13. Bxg6 hxg6 14. Be3 Qh4 15. h3 Bc6 16. Qd1 Be7 17. Rc1 Bg5 18. Bxg5 Qxg5 19. Kf1 Rh4 0-1